| 000 | 00805nam a2200253 a 4500 | ||
|---|---|---|---|
| 001 | 000048640 | ||
| 003 | DO-SdBNP | ||
| 005 | 20230720113210.0 | ||
| 008 | 190404s2016 dr 000 spa d | ||
| 020 | _a97899456002009 | ||
| 040 |
_aDO-SdBNP _bspa _cBPMSU |
||
| 082 | 4 |
_aRD863.44 _bP154c 2016 _222 |
|
| 100 | 1 | _aPalamara Mieses, Battesimo A. | |
| 245 | 1 | 0 |
_aCuriosidades y relatos amenos / _cBettesimo A. Palamara Mieses. |
| 260 |
_aSanto Domingo : _bEditorial Santuario, _c2016. |
||
| 300 |
_a119 p. ; _c24 cm. |
||
| 500 | _aIncluye datos biográficos del autor en la solapa de la cubierta | ||
| 590 | _aInventariado, 2023/VM | ||
| 650 | 4 | _acuentos dominicanos | |
| 650 | 4 | _aLiteratura dominicana | |
| 650 | 4 | _aRelatos personales | |
| 910 | _aVMateo V. Control de calidad. BPMSU | ||
| 942 |
_2ddc _cBK |
||
| 999 |
_c14437 _d14437 |
||